000 00625nam a2200241Ia 4500
003 OSt
005 20220924123202.0
006 a|||||r|||| 00| 0
007 ta
008 220923b |||||||| |||| 00| 0 urd d
020 _c30.00
024 _a315952
037 _cTextual
040 _aARTS
_cARTS
_burd
041 _2urd
_aurd
082 _aO168,1N25x, K8
100 _aRiza Kalidas Gupta
245 0 _aShoala-e-khamosh
260 _aMumbai
_bAbdul Samie India
_c1968
650 _aURDU POETRY
942 _hO168,1N25x, K8
_cTEXL
_2CC
999 _c414692
_d414692